000 00699nam a2200265Ia 4500
003 OSt
005 20221005072222.0
006 a|||||r|||| 00| 0
007 ta
008 221004b |||||||| |||| 00| 0 eng d
020 _a8186318275
024 _a29475
037 _cTextual
040 _aCRL
_cCRL
_beng
041 _2eng
_aeng
082 _aV1N4:19(zQ).N9, N6
100 _aJuyal Suresh
_9607019
245 0 _aUnited Nations
_b New Perspective
260 _aNew Delhi
_bCreative Books India
_c1996
300 _a239p.
_ccm.
650 _a PEACE
650 _aWORLD HISTORY
942 _hV1N4:19(zQ).N9, N6
_cTEXL
_2cc
999 _c979064
_d979064